000 00308 a2200157 4500
001 58153
020 _a
040 _cAnchieta - Pituba
100 _aFauaze, Rosa
240 1 0 _aÀ meia-luz
_lpor
245 1 0 _aÀ meia-luz
300 _a92
362 0 _a1989
650 4 _aPoesia brasileira
942 _cBK
999 _c58153
_d58153